000 00479nmm a2200169Ia 4500
008 251105s9999||||xx |||||||||||||||||und||
020 _a9788427716353
041 _aspa
100 _aSan Martín Montilla, Mª Nieves
245 0 _aMatilde Huici : la tercera mujer
264 _a[Madrid, España] :
_bNarcea Ediciones,
_c2009
300 _a227 páginas
490 _aMujeres
650 _aBiography
856 _uhttps://public.digitaliapublishing.com/a/29068
942 _cCF
999 _c80713
_d80713